|
|
|
|
| LEADER |
03923nam a2200901 a 4500 |
| 001 |
nkc20132520836 |
| 003 |
CZ PrNK |
| 005 |
20140526085826.0 |
| 007 |
ta |
| 008 |
131119s2013 xr ah f 001 0 cze |
| 015 |
|
|
|a cnb002520836
|
| 020 |
|
|
|a 978-80-7464-256-2
|q (brož.)
|
| 035 |
|
|
|a (OCoLC)870287863
|
| 040 |
|
|
|a ABA001
|b cze
|
| 041 |
0 |
|
|a cze
|a lat
|b eng
|
| 043 |
|
|
|a e-xr---
|b e-xr-mr
|2 czenas
|
| 045 |
|
|
|a r7s1
|
| 072 |
|
7 |
|a 27-9
|x Dějiny křesťanské církve
|2 Konspekt
|9 5
|
| 080 |
|
|
|a 271.4/273.2
|2 MRF
|
| 080 |
|
|
|a 27-7
|2 MRF
|
| 080 |
|
|
|a 003.074
|2 MRF
|
| 080 |
|
|
|a 272-732.2-284/-285
|2 MRF
|
| 080 |
|
|
|a 930.2:003.074
|2 MRF
|
| 080 |
|
|
|a 091-028.12
|2 MRF
|
| 080 |
|
|
|a 005.912
|2 MRF
|
| 080 |
|
|
|a 801.73
|2 MRF
|
| 080 |
|
|
|a 930.253
|2 MRF
|
| 080 |
|
|
|a (437.32)
|2 MRF
|
| 080 |
|
|
|a (048.8)
|2 MRF
|
| 080 |
|
|
|a (083.82)
|2 MRF
|
| 100 |
1 |
|
|a Hruboň, Pavel,
|d 1974-
|7 osd2013798444
|4 aut
|
| 245 |
1 |
0 |
|a Kancelářské poznámky na papežských listinách v období 1378-1417 na příkladu listin dochovaných v moravských archivech /
|c Pavel Hruboň, Richard Psík
|
| 260 |
|
|
|a Ostrava :
|b Centrum pro studium středověké společnosti a kultury - Vivarium Filozofické fakulty Ostravské univerzity v Ostravě,
|c 2013
|
| 300 |
|
|
|a 198 s. :
|b il., faksim. ;
|c 21 cm
|
| 490 |
1 |
|
|a Interpretationes
|
| 490 |
1 |
|
|a Spis Ostravské univerzity v Ostravě ;
|v č. 280/2013
|
| 500 |
|
|
|a Nad názvem: Filozofická fakulta Ostravské univerzity v Ostravě, Centrum pro studium středověké společnosti a kultury - Vivarium, seminář latinského jazyka a kultury
|
| 500 |
|
|
|a Chronologický přehled
|
| 504 |
|
|
|a Obsahuje bibliografii, bibliografické odkazy a rejstříky
|
| 546 |
|
|
|a Část. latinský text, anglické resumé
|
| 648 |
|
4 |
|a 1378-1417
|
| 648 |
|
7 |
|a 14.-15. století
|7 ch460617
|2 czenas
|
| 650 |
0 |
7 |
|a katolické církve
|7 ph311258
|y 14.-15. stol.
|2 czenas
|
| 650 |
0 |
7 |
|a církevní správa
|7 ph232635
|y 14.-15. stol.
|2 czenas
|
| 650 |
0 |
7 |
|a diplomatika
|7 ph119470
|y 14.-15. stol.
|2 czenas
|
| 650 |
0 |
7 |
|a papežské dokumenty
|7 ph123940
|y 14.-15. stol.
|2 czenas
|
| 650 |
0 |
7 |
|a listiny
|7 ph122365
|y 14.-15. stol.
|2 czenas
|
| 650 |
0 |
7 |
|a marginálie
|7 ph305790
|y 14.-15. stol.
|2 czenas
|
| 650 |
0 |
7 |
|a kancelářská praxe
|7 ph121421
|y 14.-15. stol.
|2 czenas
|
| 650 |
0 |
7 |
|a textová analýza
|7 ph126628
|2 czenas
|
| 650 |
0 |
7 |
|a archivní fondy
|7 ph118590
|z Česko
|2 czenas
|
| 650 |
0 |
9 |
|a Catholic churches
|y 14th-15th centuries
|2 eczenas
|
| 650 |
0 |
9 |
|a administration and management of the church
|y 14th-15th centuries
|2 eczenas
|
| 650 |
0 |
9 |
|a diplomatics
|y 14th-15th centuries
|2 eczenas
|
| 650 |
0 |
9 |
|a papal documents
|y 14th-15th centuries
|2 eczenas
|
| 650 |
0 |
9 |
|a documents
|y 14th-15th centuries
|2 eczenas
|
| 650 |
0 |
9 |
|a marginals
|y 14th-15th centuries
|2 eczenas
|
| 650 |
0 |
9 |
|a office practice
|y 14th-15th centuries
|2 eczenas
|
| 650 |
0 |
9 |
|a textual criticism
|2 eczenas
|
| 650 |
0 |
9 |
|a archives
|z Czechia
|2 eczenas
|
| 655 |
|
7 |
|a studie
|7 fd133597
|2 czenas
|
| 655 |
|
7 |
|a katalogy
|7 fd132535
|2 czenas
|
| 655 |
|
9 |
|a studies
|2 eczenas
|
| 655 |
|
9 |
|a catalogs
|2 eczenas
|
| 610 |
2 |
7 |
|a Katolická církev.
|b Curia Romana
|7 kn20081030002
|2 czenas
|
| 651 |
|
7 |
|a Morava (Česko)
|7 ge130070
|2 czenas
|
| 651 |
|
9 |
|a Moravia (Czechia)
|2 eczenas
|
| 700 |
1 |
|
|a Psík, Richard,
|d 1967-
|7 pna2005262009
|4 aut
|
| 710 |
2 |
|
|a Ostravská univerzita.
|b Centrum pro studium středověké společnosti a kultury - Vivarium
|7 pna2014802184
|
| 710 |
2 |
|
|a Ostravská univerzita.
|b Seminář latinského jazyka a kultury
|7 kn20070711006
|
| 810 |
2 |
|
|a Ostravská univerzita.
|t Spisy
|0 s
|
| 830 |
|
0 |
|a Interpretationes
|0 s
|
| 910 |
2 |
|
|a BOA001
|b 2-1317.983
|
| 990 |
|
|
|a BK
|
| 995 |
|
|
|a 01
|
| 991 |
|
|
|b 201402
|c NOV
|e n
|
| 996 |
6 |
|
|b 2610577393
|c 2-1317.983
|l MZK
|r Sklad / do 1 hodiny
|n 8
|p p.v.
|w 001394847
|u 000010
|a 1
|e BOA001
|j MZK50
|s P
|
| 996 |
6 |
|
|b 2610592238
|c 2-1317.983
|l MZK
|r HSS 4p
|n 0
|p kup
|h 27-9 HRU
|w 001394847
|u 000020
|a 0
|e BOA001
|j MZK50
|s P
|